| 000 | 00478nam a2200193Ia 4500 | ||
|---|---|---|---|
| 003 | OSt | ||
| 005 | 20250115104343.0 | ||
| 008 | 210210b1981 xxu||||| |||| 00| 0 eng d | ||
| 040 | _cAL | ||
| 041 | _aKannada | ||
| 082 | _aK894.3 GATK | ||
| 100 |
_aGATTI (K T), _dಗಟ್ಟಿ (ಕೆ ಟಿ) _9193455 |
||
| 245 |
_aKupa. _bಕೂಪ |
||
| 260 |
_aBengaluru _bBapko _c1981 |
||
| 300 | _aviii,219 | ||
| 690 |
_aKannada Fiction _9193456 |
||
| 906 | _a035719 | ||
| 942 |
_2ddc _cBK |
||
| 999 |
_c86203 _d86203 |
||